[Event "Stuttgart-chB int"]
[Site "Ditzingen"]
[Date "2009.05.24"]
[Round "7"]
[White "Wolf, Adam"]
[Black "Hirneise, Lothar"]
[Result "1/2-1/2"]
[WhiteElo "1582"]
[BlackElo "1714"]
[PlyCount "91"]
[EventDate "2009.05.21"]
[EventType "swiss"]
[EventRounds "7"]
[EventCountry "GER"]
[SourceTitle "EXT 2018"]
[Source "ChessBase"]
[SourceDate "2017.10.13"]
[SourceVersion "1"]
[SourceVersionDate "2017.10.13"]
[SourceQuality "1"]

1. c4 Nf6 2. g3 g6 3. Bg2 Bg7 4. Nf3 0-0 5. 0-0 c6 6. Nc3 d6 7. Rb1 Bf5 8. d3 Nbd7 9. b4 Qc7 10. a4 Rad8 11. b5 Rfe8 12. bxc6 bxc6 13. Nd4 d5 14. Nxf5 gxf5 15. cxd5 cxd5 16. Nxd5 Nxd5 17. Bxd5 Qa5 18. Bc4 Nc5 19. Bb5 Rf8 20. Ba3 Qc7 21. Qc2 Rd5 22. Bc4 Ne6 23. Qa2 Re5 24. f4 Re3 25. Bc1 Bd4 26. Bxe3 Bxe3+ 27. Kg2 Ng7 28. Rb5 Kh8 29. Rfb1 Bxf4 30. Rb7 Qc6+ 31. Bd5 Qg6 32. Bxf7 Rxf7 33. Rb8+ Bxb8 34. Rxb8+ Ne8 35. Rxe8+ Kg7 36. Qb2+ Kh6 37. Qd2+ Kg7 38. Qc3+ Kh6 39. Qc5 Qe6 40. Kf3 f4 41. gxf4 Qh3+ 42. Ke4 Qg2+ 43. Kd4 Qg1+ 44. Kc4 Rxf4+ 45. Kb5 Qb1+ 46. Kc6 1/2-1/2

[Event "Stuttgart-chB int"]
[Site "Ditzingen"]
[Date "2008.05.03"]
[Round "5"]
[White "Loerincz, Peter"]
[Black "Wolf, Adam"]
[Result "1-0"]
[WhiteElo "1630"]
[BlackElo "1398"]
[PlyCount "61"]
[EventDate "2008.05.01"]
[EventType "swiss"]
[EventRounds "7"]
[EventCountry "GER"]
[SourceTitle "EXT 2018"]
[Source "ChessBase"]
[SourceDate "2017.10.13"]
[SourceVersion "1"]
[SourceVersionDate "2017.10.13"]
[SourceQuality "1"]

1. f4 Nf6 2. Nf3 g6 3. d4 Bg7 4. e3 d6 5. Nc3 0-0 6. Be2 Nbd7 7. 0-0 c6 8. Kh1 b5 9. a3 a5 10. Qe1 Nb6 11. Bd3 Nbd5 12. e4 Nxc3 13. bxc3 Bd7 14. Bd2 c5 15. e5 Nd5 16. Rb1 Qb6 17. c4 Nc7 18. cxb5 cxd4 19. a4 dxe5 20. Nxe5 Bxe5 21. fxe5 f5 22. exf6 exf6 23. Bh6 Rf7 24. Qg3 Be6 25. Bd2 Kh8 26. c4 Rb8 27. Rbc1 Ne8 28. c5 Qd8 29. Bxa5 Qc8 30. Bd2 Qc7 31. Bf4 1-0

[Event "Stuttgart-chB int"]
[Site "Ditzingen"]
[Date "2008.05.01"]
[Round "3"]
[White "Wolf, Adam"]
[Black "Dietsche, Birgit"]
[Result "1/2-1/2"]
[WhiteElo "1398"]
[BlackElo "1610"]
[PlyCount "51"]
[EventDate "2008.05.01"]
[EventType "swiss"]
[EventRounds "7"]
[EventCountry "GER"]
[SourceTitle "EXT 2018"]
[Source "ChessBase"]
[SourceDate "2017.10.13"]
[SourceVersion "1"]
[SourceVersionDate "2017.10.13"]
[SourceQuality "1"]

1. c4 e5 2. g3 Nf6 3. Bg2 c6 4. Nf3 d6 5. d3 Be6 6. Nc3 Nbd7 7. b4 Be7 8. 0-0 0-0 9. Rb1 h6 10. a4 d5 11. cxd5 cxd5 12. e3 Rc8 13. Qd2 Qc7 14. Nb5 Qb6 15. Ba3 e4 16. Nfd4 a6 17. Nxe6 fxe6 18. Nd4 Rfd8 19. Bh3 Nf8 20. Rb3 exd3 21. a5 Ne4 22. Qxd3 Qd6 23. b5 Qd7 24. bxa6 Bxa3 25. Rxa3 Nc5 26. Qb5 1/2-1/2

[Event "Stuttgart-chB int"]
[Site "Gerlingen"]
[Date "2007.05.19"]
[Round "6"]
[White "Wolf, Adam"]
[Black "Lhermitte, Jean Christophe"]
[Result "1-0"]
[WhiteElo "1296"]
[BlackElo "1470"]
[PlyCount "119"]
[EventDate "2007.05.17"]
[EventType "swiss"]
[EventRounds "7"]
[EventCountry "GER"]
[SourceTitle "EXT 2018"]
[Source "ChessBase"]
[SourceDate "2017.10.13"]
[SourceVersion "1"]
[SourceVersionDate "2017.10.13"]
[SourceQuality "1"]

1. c4 e5 2. g3 d6 3. Bg2 Nf6 4. Nf3 Nc6 5. 0-0 Be6 6. d3 Qd7 7. Nc3 Bh3 8. Bg5 Be7 9. a3 h6 10. Be3 Bxg2 11. Kxg2 h5 12. b4 h4 13. Nxh4 Ng4 14. Nf3 Nxe3+ 15. fxe3 Qh3+ 16. Kg1 g5 17. Rf2 g4 18. Nd2 0-0-0 19. Qf1 Qh6 20. Nd5 Bg5 21. b5 Ne7 22. Nxe7+ Bxe7 23. Nb3 Qxe3 24. Kh1 Rh3 25. Rg2 Rdh8 26. Qf5+ Kb8 27. Qxg4 Qh6 28. Qf3 Rxh2+ 29. Kg1 Rh1+ 30. Kf2 Rxa1 31. Nxa1 f5 32. Nb3 Qe6 33. Na5 e4 34. Qf4 d5 35. Qe3 Bf6 36. c5 Bc3 37. Nb3 d4 38. Nxd4 Qa2 39. Nxf5 Qxa3 40. dxe4 Qb4 41. c6 Rf8 42. Qd3 bxc6 43. bxc6 Qc5+ 44. Kf3 Qxc6 45. g4 Ba5 46. Kg3 Be1+ 47. Kh2 Rh8+ 48. Kg1 Ba5 49. g5 Qg6 50. e3 Bb6 51. Ne7 Qh7 52. Nd5 Qh1+ 53. Kf2 Rf8+ 54. Kg3 Qe1+ 55. Kg4 Rf7 56. Qe2 Qb1 57. Qf3 Bc5 58. g6 Rf8 59. Nf6 Qb6 60. Nd7+ 1-0

[Event "Stuttgart-chB int"]
[Site "Gerlingen"]
[Date "2007.05.17"]
[Round "1"]
[White "Koenig, Torsten"]
[Black "Wolf, Adam"]
[Result "1-0"]
[WhiteElo "1684"]
[BlackElo "1296"]
[PlyCount "39"]
[EventDate "2007.05.17"]
[EventType "swiss"]
[EventRounds "7"]
[EventCountry "GER"]
[SourceTitle "EXT 2018"]
[Source "ChessBase"]
[SourceDate "2017.10.13"]
[SourceVersion "1"]
[SourceVersionDate "2017.10.13"]
[SourceQuality "1"]

1. e4 d6 2. d4 Nf6 3. Nc3 g6 4. f4 Bg7 5. Nf3 c5 6. dxc5 Qa5 7. Bb5+ Bd7 8. Bxd7+ Nbxd7 9. 0-0 Qxc5+ 10. Kh1 Qc4 11. Qd3 Rc8 12. Be3 Ng4 13. Bxa7 Bxc3 14. Qxc3 Qxc3 15. bxc3 Rxc3 16. Bd4 Rxf3 17. gxf3 Ngf6 18. e5 dxe5 19. fxe5 Nd5 20. e6 1-0

[Event "Stuttgart-chB int"]
[Site "Ditzingen"]
[Date "2006.05.26"]
[Round "3"]
[White "Musovic, Naser"]
[Black "Wolf, Adam"]
[Result "1-0"]
[WhiteElo "1535"]
[BlackElo "1277"]
[PlyCount "103"]
[EventDate "2006.05.25"]
[EventType "swiss"]
[EventRounds "7"]
[EventCountry "GER"]
[SourceTitle "EXT 2018"]
[Source "ChessBase"]
[SourceDate "2017.10.13"]
[SourceVersion "1"]
[SourceVersionDate "2017.10.13"]
[SourceQuality "1"]

1. d4 d5 2. c4 e6 3. Nc3 Nf6 4. cxd5 exd5 5. Bg5 Be7 6. e3 Be6 7. Bd3 0-0 8. Qc2 h6 9. Bh4 Qd6 10. Nf3 c5 11. Bg3 Qd7 12. dxc5 Bxc5 13. 0-0 Nc6 14. a3 d4 15. exd4 Nxd4 16. Nxd4 Bxd4 17. Rad1 Qc6 18. Bb5 Qc5 19. Ba4 Rac8 20. Bb3 Bf5 21. Qc1 Bxc3 22. Bd6 Qc6 23. Bxf8 Kxf8 24. bxc3 Qxc3 25. Rd8+ Ke7 26. Rxc8 Qxc8 27. Re1+ Kf8 28. Qe3 Qc7 29. Qxa7 g5 30. Qd4 Qa5 31. Qb4+ Qxb4 32. axb4 b6 33. Rc1 Be6 34. Bxe6 fxe6 35. Rc6 Nd5 36. Rxe6 Nxb4 37. Rxb6 Nd5 38. Rxh6 Kg7 39. Rd6 Nf4 40. g3 Ne2+ 41. Kg2 Nc3 42. Kf3 Nb5 43. Rd5 Nc7 44. Rd7+ Kf6 45. Rxc7 Kg6 46. Kg4 Kh6 47. Rc6+ Kh7 48. Kxg5 Kg7 49. Rc7+ Kf8 50. Kf6 Ke8 51. Re7+ Kd8 52. h4 1-0

[Event "Stuttgart-chB int"]
[Site "Ditzingen"]
[Date "2005.05.06"]
[Round "4"]
[White "Kellner, Juergen"]
[Black "Wolf, Adam"]
[Result "1/2-1/2"]
[WhiteElo "1212"]
[BlackElo "1143"]
[PlyCount "119"]
[EventDate "2005.05.05"]
[EventType "swiss"]
[EventRounds "7"]
[EventCountry "GER"]
[SourceTitle "EXT 2018"]
[Source "ChessBase"]
[SourceDate "2017.10.13"]
[SourceVersion "1"]
[SourceVersionDate "2017.10.13"]
[SourceQuality "1"]

1. Nf3 d6 2. g3 Nf6 3. d3 g6 4. Nbd2 Bg7 5. Bg2 0-0 6. 0-0 c5 7. e4 Nc6 8. Re1 b5 9. Nh4 e6 10. e5 Nd5 11. c4 bxc4 12. dxc4 Nde7 13. exd6 Qxd6 14. Ne4 Qxd1 15. Rxd1 Rb8 16. Rb1 Ne5 17. b3 Nd7 18. Nd6 Rd8 19. Bf4 e5 20. Bg5 f6 21. Be3 Nc6 22. Bd5+ Kf8 23. Bxc6 a5 24. Bd5 f5 25. Nf3 Bf6 26. Bh6+ Bg7 27. Bxg7+ Kxg7 28. Ng5 Nf6 29. Ne6+ Bxe6 30. Bxe6 Rb6 31. Nxf5+ gxf5 32. Bxf5 Rxd1+ 33. Rxd1 h5 34. h3 Rb8 35. f3 Re8 36. Re1 Kh6 37. g4 hxg4 38. hxg4 Kg5 39. a3 Kf4 40. Kg2 Rd8 41. Re2 Rb8 42. Bc2 Nd7 43. Re4+ Kg5 44. Kg3 Rf8 45. Re3 Rf4 46. Bf5 Rxf5 47. gxf5 Kxf5 48. Rd3 Nf6 49. Kf2 e4 50. Re3 Kf4 51. fxe4 Ng4+ 52. Ke2 Nxe3 53. Kd3 Ng4 54. Kc3 Ne5 55. b4 axb4+ 56. axb4 Nd7 57. bxc5 Nxc5 58. Kd4 Nxe4 59. c5 Nxc5 60. Kxc5 1/2-1/2